The consolation of philosophy of Boethius /

Bibliographic Details
Main Author: Boethius, -524
Other Authors: James, H. R. (Henry Rosher), 1862-1931
Format: Book
Language:English
Latin
Published: London : New York : Routledge ; Dutton, [1901?]
Series:New universal library.
Subjects:

MARC

Tag First Indicator Second Indicator Subfields
LEADER 00000cam a2200000 a 4500
001 in00000069617
005 20151008054519.0
008 770121q1901 enk 00010 eng d
035 |a (OCoLC)02692916 
035 |9 AAJ0883AM 
040 |a LWA  |c LWA  |d m.c.  |d TXA  |d UtOrBLW 
041 0 |a eng  |a lat 
049 |a TXAM  |c [1654787] 
090 |a B659.C2  |b E59 1901 
100 0 |a Boethius,  |d -524. 
240 1 3 |a De consolatione philosophiae.  |l English 
245 1 4 |a The consolation of philosophy of Boethius /  |c translated by H.R. James. 
264 1 |a London :  |b Routledge ;  |a New York :  |b Dutton,  |c [1901?] 
300 |a xiv, 205 pages ;  |c 16 cm. 
336 |a text  |b txt  |2 rdacontent 
337 |a unmediated  |b n  |2 rdamedia 
338 |a volume  |b nc  |2 rdacarrier 
490 1 |a New Universal Library 
500 |a Translation of: De consolatione philosophiae. 
500 |a "Text used is that of Peiper, Leipsic, 1874." 
650 0 |a Philosophy and religion. 
650 0 |a Happiness. 
700 1 |a James, H. R.  |q (Henry Rosher),  |d 1862-1931. 
830 0 |a New universal library. 
999 |a MARS 
999 f f |s bdbb37a0-c312-3cca-a779-2d612e1d7007  |i c46a5508-ac6d-34b6-9396-f297e143a009  |t 0 
952 f f |p normal  |a Texas A&M University  |b College Station  |c Sterling C. Evans Library  |d Evans: Library Stacks  |t 0  |e B659.C2 E59 1901  |h Library of Congress classification  |i unmediated -- volume  |m A14806077905 
998 f f |a B659.C2 E59 1901  |t 0  |l Evans: Library Stacks